000 01808nam a2200241Ia 4500
003 Ost
005 20260507074957.0
008 260507s9999||||xx |||||||||||||| ||und||
040 _cfsecg
041 _aara
082 _a330
100 _aالحمش، منير
_eمؤلف
245 0 _aالاصلاح الاقتصادي /
_c منير الحمش
260 _aدمشق:
_bدار الرضا للنشر,
_c2003
300 _a282 صفحة؛
_bإيضاحات ؛
_c24 سم
490 _aسلسلة الرضا للمعلومات
_v205
520 _aالمؤسسات الاقتصادية العالمية والشركات متعددية الجنسية،وفرض جدول أعمال اقتصادي وسياسي على الدولة الوطنية،الفلسفة الكامنة وراء قيام (الجات) ثم منظمة التجارة العالمية،العولمة والتنمية البشرية،الدولة القومية والعولمة،وماذا بعد أحداث 2001/9/11،الليبرالية الاقتصادية الجديدة وإعادة احتواء البلدان النامية،الفجر الكاذب-أوهام الرأسمالية العالمية،السوق وحرية السوق،الحركة العالمية لمناهضة العولمة،،عم لإصلاح القطاع العام لا لخصخصة الإدارة،ماالذي يجري في الاقتصاد المصري،واقع الاقتصاد السوري وانعكاساته على التنمية البشريةالدول النامية،الاستثمار الأجنبي،تمويل التنمية من أين؟،الجوانب الاجتماعية للإصلاح الاقتصادي
653 _aالاقتصاد
653 _aالعولمة
653 _aسوريا
653 _aمصر
942 _cكتاب
999 _c42039
_d42039